Statistics for Countries That Speak Portuguese

Click here to take the quiz!

General Stats

  • This quiz has been taken 29,264 times
    (29,238 since last reset)
  • The average score is 6 of 9

Answer Stats

Continent Country % Correct
South AmericaBrazil
99%
EuropePortugal
99%
AfricaAngola
69%
AfricaMozambique
58%
AfricaCape Verde
55%
AfricaSão Tomé and Príncipe
52%
AsiaEast Timor
48%
AfricaGuinea-Bissau
42%
AfricaEquatorial Guinea
40%

Score Distribution

Percentile by Number Answered

Percent of People with Each Score

Your Score History

You have not taken this quiz since the last reset